00558nam a2200157Ia 4500003000400000005001700004008004100021040001800062041000800080100004500088245008000133260003600213942001300249999001900262952011900281OSt20260130145922.0211028s2018 xx 000 0 und d cAIMIT LIBRARY aeng aTauro, Stacy; Harinakshi.g161620197953 aStudy on the effectiveness of employee engagement at KMC hospital Attavar / aMangalorebRayan D Souza.c2018 2ddccPRO c219521d219521 00102ddc40718PR_MBAaAIMITbAIMITd2021-10-28eMBAl0pPRB01607r2021-10-28 00:00:00t1616201w2021-10-28yPRO